000 00329nam a22001097a 4500
082 _a669 EFF'I
100 _aILIFFE
_979999
245 _aEFFECT OF SURFACE ON THE BEHAVIOUR OF METALS LECTURES DELIVERED AT THE INSTITUTATION OF METALLURGISTS REFERNCE COURSE 1957
260 _aLONDON
_bILIFFE
_c1958
300 _a100P
942 _cBK
999 _c584977
_d584977